Klinická farmakológia salicylanov u detí /

Main Author: Galanda, Vladimír, 1914-1994
Other Authors: Višňovský, Peter, 1941-2009, Buchanec, Ján, 1936-
Language: Slovak
Published: Martin : Osveta, 1983
Edition: 1. vyd.
Series: Edícia pre postgraduálne štúdium lekárov a farmaceutov. Hálkova zbierka
Physical Description: 199 s., obr. příl. : il.
Language note: Anglické, německé a ruské resumé
Book
Saved in:
LEADER 01181nam a2200301 a 4500
001 000541606
003 CZ BrMZK
005 20110427143152.0
007 ta
008 000105s1983 xo af f slo d
040 |a BOA001  |b cze 
041 0 |a slo  |b eng  |b ger  |b rus 
080 9 |a 615.21-053.2  |2 MRF 
100 1 |a Galanda, Vladimír,  |d 1914-1994  |7 jk01032279  |4 aut 
245 1 0 |a Klinická farmakológia salicylanov u detí /  |c Vladimír Galanda, Ján Buchanec, Peter Višňovský 
250 |a 1. vyd. 
260 |a Martin :  |b Osveta,  |c 1983 
300 |a 199 s., obr. příl. :  |b il. 
490 1 |a Edícia pre postgraduálne štúdium lekárov a farmaceutov. Hálkova zbierka ;  |v zv. 37 
504 |a Obsahuje bibliografii 
546 |a Anglické, německé a ruské resumé 
700 1 |a Višňovský, Peter,  |d 1941-2009  |7 jn19990209989  |4 aut 
700 1 |a Buchanec, Ján,  |d 1936-  |7 kup19940000011970  |4 aut 
830 0 |a Edícia pre postgraduálne štúdium lekárov a farmaceutov.  |p Hálkova zbierka 
910 |a BOA001  |b 2-0862.270 
964 |a Salicylany - děti - účinky 
990 |a BK 
996 7 |b 2619367647  |c 2-0862.270  |l MZK  |r Sklad / do 1 hodiny  |n 0  |w 000541606  |u 000010  |a 1  |e BOA001  |j MZK50  |s A